El Derecho Natural.

保存先:
書誌詳細
第一著者: Boeckle, Franz (autor)
フォーマット: 図書
言語:スペイン語
出版事項: Barcelona, España: Herder, 1971.
シリーズ:Controversia, 8.
主題:
タグ: タグ追加
タグなし, このレコードへの初めてのタグを付けませんか!

MARC

LEADER 00000nam a2200000 a 4500
001 UCS9449
003 CL-VaPUC
005 20240124145842.0
008 971113e19710000SP |||||||||||||||||spa|d
999 |c 263250  |d 263248 
040 |c Pontificia Universidad Católica de Valparaíso 
082 0 4 |a 291.5 BOC 1971  |2 21 
100 |a Boeckle, Franz  |e autor  |9 580951 
245 1 3 |a El Derecho Natural. 
260 |a Barcelona, España:  |b Herder,  |c 1971. 
300 |a 141 páginas.  
490 0 |a Controversia, 8. 
500 |a c.3 Donación Familia Prof. Alejandro Guzmán Brito.  
583 |a last modification  |c 19971113 00:00:00  |k Rodrigo Vera 
650 0 |a Teología cristiana  |9 308336 
650 0 |a Derecho natural   |9 255041 
650 0 |a Matrimonio  |2 CL-VaPUC  |9 254924 
650 0 |a Antropología social  |9 306264 
650 0 |a Naturaleza humana   |9 308593 
650 0 |a Moral  |9 265913 
650 0 |a Tomismo  |9 259214 
942 |c BK  |2 ddc  |n 0 
945 |d 19971113 00:00:00  |a aolguin 
952 |0 0  |1 0  |4 0  |6 291_500000000000000_BOC_1971  |7 0  |8 DER_TF  |9 292437  |a BIBDER  |b BIBDER  |d 2019-11-19  |i 189806K  |l 1  |o 291.5 BOC 1971  |p 189806K  |r 2023-01-25  |s 2020-03-17  |w 2019-11-19  |x Ubicación 4to Piso  |y BK  |z Estos recursos deben solicitarse con anticipación  |k DER 
952 |0 0  |1 0  |4 0  |6 291_500000000000000_BOC_1971  |7 0  |8 A  |9 292438  |a BIBTEO  |b BIBTEO  |d 2019-11-19  |i 3369064  |o 291.5 BOC 1971  |p 3369064  |r 2024-01-18  |w 2019-11-19  |y BK  |k ICR